000 00491nam a2200181Ia 4500
999 _c14290
_d14290
003 OSt
005 20201110104628.0
008 190216s9999||||xx |||||||||||||| ||und||
020 _a9780330487122
040 _coclc
082 _a823.914
_bNAI/M
100 _aNaipaul, V S
_95641
245 4 _aThe Mystic Masseur /
_cV S Naipaul
260 _bPicador,
_aLondon:
_c2002.
300 _a385p
650 _aEnglish
942 _cBK
_2ddc
_h823.914
_iNAI/M
_k823.914
_mNAI/M